000 00605nam a2200253Ia 4500
005 20260121161102.0
008 008 260114s9999 xx 000 0 eng d
020 _a9781315699134
037 _aEBOOK
040 _aCRL
040 _beng
040 _cCRL
041 _2eng
041 _aeng
084 _qCRL
100 _a Ji-moon Suh
_91040024
245 4 _aThe Rainy Spell and Other Korean Stories
260 _bTaylor and Francis
260 _c1998
856 _uhttp://www.taylorfrancis.com/books/9781315699134
942 _cEBOOK
999 _c1606840
_d1606840